00451nam a2200157Ia 450000500170000000800410001704000190005804100120007708200160008910000210010524500670012626000430019330000120023665000350024885000100028320230529093330.0131103s9999 xx 000 0 und d aLoreto College aEnglish a820(I)bMAC aMcCutchion,David aIndian writing in englishb critical essays cDavid McCutchion aCalcuttabWriters Workshop Booksc1997 a124 p.  aEnglish literature - Criticism aLCLIB